| 000 | 00742nam a2200217 a 4500 | ||
|---|---|---|---|
| 001 | 0736 | ||
| 005 | 20140414132143.0 | ||
| 008 | 040927s19uu xx 00 eng d | ||
| 020 | _a978-0-439-04586-X | ||
| 050 |
_aKIT (LCER) 641.5 _bC16 1999 |
||
| 100 | _aCanizares, Susan | ||
| 245 |
_aIn the kitchen / _cSusan Canizares, Betsey Chessen. |
||
| 260 |
_aNew York : _bScholastic, _c1999. |
||
| 300 | _a1 v. (unp.) : ill. ; cm. | ||
| 440 | _aLearning center emergent readers | ||
| 520 | _aPhotographs and simple text explore what happens in the kitchen, including peeling, mixing, cracking, and cooking. | ||
| 650 |
_aCookery _xJuvenile literature. |
||
| 650 |
_aKitchen _xJuvenile literature. |
||
| 999 |
_c115385 _d115385 |
||